000 004820000a22001810004500
003 MACL
005 20160124115341.0
008 160124b xxu||||| |||| 00| 0 eng d
040 _aMACL
_cMACL
041 _aEnglish
082 _a681.118/PIC
100 _aPickover, Clifford A
_934404
245 _aTime A Traveler's Guide
260 _bOxford University Press
_c1998
_aAmerica
350 _a1278
650 _aManufacture for Specific use
_921550
942 _cBK
_k681.118/PIC
_2ddc
999 _c32728
_d32728